2025年上半期 jra重賞を制覇した馬 - Statistics

General Stats
  • This quiz has been taken 11 times
  • The average score is 17 of 39
Answer Stats
レース 騎手 Answer % Correct
根岸ステークス(G3) 横山 武史 コスタノヴァ
100%
フェブラリーステークス(G1) R.キング コスタノヴァ
100%
京都金杯(G3) R.キング サクラトゥジュール
90%
アメリカジョッキークラブカップ(G2) 戸崎 圭太 ダノンデサイル
80%
東京新聞杯(G3) 菅原 明良 ウォーターリヒト
80%
共同通信杯(G3) 坂井 瑠星 マスカレードボール
70%
弥生賞(G2) 杉原 誠人 ファウストラーゼン
70%
高松宮記念(G1) J.モレイラ サトノレーヴ
70%
中山金杯(G3) 藤岡 佑介 アルナシーム
70%
小倉牝馬ステークス(G3) ※同着 丹内 祐次 フェアエールング
60%
クイーンカップ(G3) C.ルメール エンブロイダリー
60%
ダイヤモンドステークス(G3) 戸崎 圭太 ヘデントール
60%
阪神大賞典(G2) 池添 謙一 サンライズアース
60%
フェアリーステークス(G3) 戸崎 圭太 エリカエクスプレス
50%
京成杯(G3) 津村 明秀 ニシノエージェント
50%
プロキオンステークス(G2) 鮫島 克駿 サンデーファンデー
50%
中山牝馬S(G3) M.デムーロ シランケド
50%
スプリングステークス(G2) 石橋 脩 ピコチャンブラック
50%
日経新春杯(G2) 西村 淳也 ロードデルレイ
40%
小倉牝馬ステークス(G3) 杉原 誠人 シンティレーション
40%
シルクロードステークス(G3) 川又 賢治 エイシンフェンサー
40%
中山記念(G2) C.ルメール シックスペンス
40%
チューリップ賞(G2) 酒井 学 クリノメイ
40%
フィリーズレビュー(G2) 池添 謙一 ショウナンザナドゥ
40%
金鯱賞(G2) 川田 将雅 クイーンズウォーク
40%
シンザン記念(G3) 浜中 俊 リラエンブレム
30%
きさらぎ賞(G3) 西村 淳也 サトノシャイニング
30%
阪急杯(G3) 幸 英明 カンチェンジュンガ
30%
オーシャンステークス(G3) 川田 将雅 ママコチャ
30%
日経賞(G2) 丹内 祐次 マイネルエンペラー
30%
毎日杯(G3) 北村 宏司 ファンダム
30%
京都記念(G2) 岩田 望来 ヨーホーレイク
20%
ファルコンステークス(G3) 岩田 望来 ヤンキーバローズ
20%
小倉大賞典(G3) 丹内 祐次 ロングラン
10%
小倉ジャンプステークス(J・G3) 高田 潤 スマイルスルー
0%
阪神スプリングジャンプ(J・G2) 五十嵐 雄祐 ヴェイルネビュラ
0%
フラワーカップ(G3) 戸崎 圭太 レーゼドラマ
0%
愛知杯(G2) 北村 友一 ワイドラトゥール
0%
マーチステークス(G3) 岩田 望来 ブライアンセンス
0%
No matching quizzes found
Score Distribution
Percent of People with Each Score
Percentile by Number Answered
Your Score History
You have not taken this quiz